000 00312nam a2200133 i 4500
001 bg
100 1 _aSUŁKOWSKI, B.
245 0 _aZabawa :
_bstudium socjologiczne /
_cB. Sułkowski.
260 _aWarszawa,
_c1984.
040 _cBPK
041 _apol
942 _cKS
008 s pl f |000 0 pol
999 _c28051
_d28051
856 _uhttp://koha.tu.koszalin.pl/cgi-bin/koha/opac-detail.pl?biblionumber=28051
_yKatalog online BPK